Một số thuật toán cho bất dẳng thức biến phân hỗn hợp (Chuyên ngành giải tích)

Nội dung trình bày về tập lồi,dưới vi phân, nón tiếp xúc và một số vấn đề có liên quan, trình bày một số thuật toán cho bất đadửng thức biến phân hỗn hợp và thuật toán cải biên.

Tallennettuna:
Bibliografiset tiedot
Päätekijä: Đào, Anh Pha
Aineistotyyppi: Kirja
Kieli:Undetermined
Julkaistu: Cần Thơ Trường Đại học Cần Thơ 2008
Aiheet:
Tagit: Lisää tagi
Ei tageja, Lisää ensimmäinen tagi!
Thư viện lưu trữ: Trung tâm Học liệu Trường Đại học Cần Thơ
LEADER 01038nam a2200217Ia 4500
001 CTU_136009
008 210402s9999 xx 000 0 und d
082 |a 515 
082 |b Ph100 
088 |a 604601 
100 |a Đào, Anh Pha 
245 0 |a Một số thuật toán cho bất dẳng thức biến phân hỗn hợp 
245 0 |b (Chuyên ngành giải tích) 
245 0 |c Đào Anh Pha ; Phan Quốc Khánh giáo viên hướng dẫn 
260 |a Cần Thơ 
260 |b Trường Đại học Cần Thơ 
260 |c 2008 
520 |a Nội dung trình bày về tập lồi,dưới vi phân, nón tiếp xúc và một số vấn đề có liên quan, trình bày một số thuật toán cho bất đadửng thức biến phân hỗn hợp và thuật toán cải biên. 
650 |a Mathematical analysis,Giải tích toán học 
904 |i Tuyến 
980 |a Trung tâm Học liệu Trường Đại học Cần Thơ